000
00343 a2200157 4500
001
168873
020
_a
040
_c
Magnum
100
_a
Coelho, Betty
240
1
0
_a
Contar historias: uma arte sem idade
_l
por
245
1
0
_a
Contar historias: uma arte sem idade
362
0
_a
1899
440
1
_a
Ática
697
_a
GERAL
942
_c
BK
999
_c
168873
_d
168873